[Event "Landesliga Sued 1920"]
[Site "Bayern"]
[Date "2020.09.13"]
[Round "8.4"]
[White "Foessmeier, Ulrich Johann"]
[Black "Wagner, Hans1111"]
[Result "1/2-1/2"]
[WhiteElo "2237"]
[BlackElo "2077"]
[PlyCount "32"]
[EventDate "2019.09.29"]
[EventType "team-tourn"]
[EventRounds "9"]
[EventCountry "GER"]
[SourceTitle "EXT 2022"]
[Source "ChessBase"]
[SourceDate "2021.10.06"]
[SourceVersion "1"]
[SourceVersionDate "2021.10.06"]
[SourceQuality "1"]
[WhiteTeam "Groebenzell"]
[BlackTeam "Rottal Inn"]
[WhiteTeamCountry "GER"]
[BlackTeamCountry "GER"]

1. d4 Nf6 2. c3 b6 3. Bf4 Bb7 4. e3 e6 5. Nf3 Be7 6. h3 d5 7. Be2 Nbd7 8. 0-0 0-0 9. a4 a6 10. Nbd2 Ne4 11. Nxe4 dxe4 12. Nd2 Bd6 13. Bxd6 cxd6 14. Qb3 a5 15. Bb5 Nf6 16. Nc4 Bd5 1/2-1/2

[Event "Landesliga Sued 1920"]
[Site "Bayern"]
[Date "2019.11.24"]
[Round "3.4"]
[White "Foessmeier, Ulrich Johann"]
[Black "Schmidt, Gerhard"]
[Result "1/2-1/2"]
[WhiteElo "2237"]
[BlackElo "2036"]
[PlyCount "107"]
[EventDate "2019.09.29"]
[EventType "team-tourn"]
[EventRounds "9"]
[EventCountry "GER"]
[SourceTitle "EXT 2021"]
[Source "ChessBase"]
[SourceDate "2020.10.23"]
[SourceVersion "1"]
[SourceVersionDate "2020.10.23"]
[SourceQuality "1"]
[WhiteTeam "Groebenzell"]
[BlackTeam "Unterhaching"]
[WhiteTeamCountry "GER"]
[BlackTeamCountry "GER"]

1. d4 Nf6 2. c4 e6 3. Nc3 d5 4. cxd5 exd5 5. Bg5 Be7 6. e3 c6 7. Bd3 Nbd7 8. Qc2 Nh5 9. Bxe7 Qxe7 10. 0-0-0 g6 11. Nge2 Nb6 12. h3 Be6 13. Kb1 0-0-0 14. Na4 Nxa4 15. Qxa4 Kb8 16. Nc3 Ng7 17. Qb3 Bf5 18. Na4 Bxd3+ 19. Rxd3 Ne6 20. Rc1 Rc8 21. Qc3 f5 22. b4 Rhf8 23. Nc5 Nxc5 24. bxc5 Rce8 25. Rc2 Qc7 26. f4 Rg8 27. Qd2 g5 28. fxg5 Rxg5 29. Rb3 Rg7 30. Qf2 Rf8 31. g4 Rgf7 32. g5 f4 33. a3 fxe3 34. Qxe3 Qf4 35. Rcb2 Qxe3 36. Rxe3 Rf1+ 37. Ka2 R8f7 38. Rbe2 Kc8 39. Re7 Kd8 40. Rxf7 Rxf7 41. Re6 Kd7 42. Rh6 Ke8 43. h4 Kf8 44. h5 Kg7 45. Re6 Rf5 46. Re5 Rf2+ 47. Kb3 Kf7 48. a4 a5 49. Kc3 Rf1 50. Kd3 Rf2 51. Re2 Rf3+ 52. Re3 Rf2 53. Re2 Rf3+ 54. Re3 1/2-1/2

[Event "Landesliga Sued 1920"]
[Site "Bayern"]
[Date "2019.11.10"]
[Round "2.5"]
[White "Foessmeier, Ulrich Johann"]
[Black "Reimann, Robert"]
[Result "0-1"]
[WhiteElo "2237"]
[BlackElo "2075"]
[PlyCount "54"]
[EventDate "2019.09.29"]
[EventType "team-tourn"]
[EventRounds "9"]
[EventCountry "GER"]
[SourceTitle "EXT 2021"]
[Source "ChessBase"]
[SourceDate "2020.10.23"]
[SourceVersion "1"]
[SourceVersionDate "2020.10.23"]
[SourceQuality "1"]
[WhiteTeam "Groebenzell"]
[BlackTeam "Kriegshaber"]
[WhiteTeamCountry "GER"]
[BlackTeamCountry "GER"]

1. d4 Nf6 2. c4 g6 3. Nc3 d5 4. Bf4 Bg7 5. e3 0-0 6. Rc1 c6 7. h3 dxc4 8. Bxc4 b5 9. Bb3 a5 10. a4 Ba6 11. Nf3 Nbd7 12. Ne5 Rc8 13. Nxd7 Qxd7 14. Be5 b4 15. Nb1 Ne4 16. Bxg7 Kxg7 17. Qc2 f5 18. Bc4 Bxc4 19. Qxc4 c5 20. 0-0 cxd4 21. Qxd4+ Qxd4 22. exd4 Rfd8 23. Rxc8 Rxc8 24. f3 Ng3 25. Rd1 Rc2 26. b3 f4 27. d5 Nf5 0-1

[Event "Regionalliga Sued-Ost 1819"]
[Site "Bayern"]
[Date "2019.04.07"]
[Round "9.6"]
[White "Duraku, Emin"]
[Black "Foessmeier, Ulrich Johann"]
[Result "0-1"]
[WhiteElo "2009"]
[BlackElo "2273"]
[PlyCount "68"]
[EventDate "2018.10.21"]
[EventType "team-tourn"]
[EventRounds "9"]
[EventCountry "GER"]
[SourceTitle "EXT 2022"]
[Source "ChessBase"]
[SourceDate "2021.10.06"]
[SourceVersion "1"]
[SourceVersionDate "2021.10.06"]
[SourceQuality "1"]
[WhiteTeam "Ingolstadt"]
[BlackTeam "Groebenzell II"]
[WhiteTeamCountry "GER"]
[BlackTeamCountry "GER"]

1. e4 e5 2. Nc3 Nf6 3. g3 d5 4. exd5 Nxd5 5. Bg2 Nxc3 6. bxc3 Bd6 7. Ne2 0-0 8. 0-0 c6 9. d3 Qc7 10. f4 Nd7 11. f5 Re8 12. Bd2 Nf6 13. Bg5 Qb6+ 14. Kh1 Ng4 15. Nd4 Nxh2 16. Re1 Bd7 17. Nb3 Qf2 18. Kxh2 e4 19. Bf4 Bxf4 20. gxf4 Qxf4+ 21. Kg1 Bxf5 22. Qe2 e3 23. Rf1 Qg5 24. Nd4 Bg4 25. Qe1 Rad8 26. Qg3 h5 27. Rae1 h4 28. Qf4 Qg6 29. Kh2 e2 30. Rf2 Rd6 31. Be4 Rf6 32. Qe3 Qh6 33. Qxh6 Rxf2+ 34. Kg1 Rf1+ 0-1

[Event "Regionalliga Sued-Ost 1819"]
[Site "Bayern"]
[Date "2018.11.11"]
[Round "2.7"]
[White "Foessmeier, Ulrich Johann"]
[Black "Von Freymann, Franz"]
[Result "1-0"]
[WhiteElo "2273"]
[BlackElo "1831"]
[PlyCount "87"]
[EventDate "2018.10.21"]
[EventType "team-tourn"]
[EventRounds "9"]
[EventCountry "GER"]
[SourceTitle "EXT 2022"]
[Source "ChessBase"]
[SourceDate "2021.10.06"]
[SourceVersion "1"]
[SourceVersionDate "2021.10.06"]
[SourceQuality "1"]
[WhiteTeam "Groebenzell II"]
[BlackTeam "Tegernsee TV"]
[WhiteTeamCountry "GER"]
[BlackTeamCountry "GER"]

1. d4 Nf6 2. c4 g6 3. Nc3 d5 4. Bf4 Bg7 5. e3 c6 6. h3 Qb6 7. Qb3 dxc4 8. Bxc4 Qxb3 9. Bxb3 Bf5 10. Nf3 0-0 11. Ne5 Nbd7 12. g4 Be6 13. Bxe6 fxe6 14. g5 Nxe5 15. gxf6 Nd3+ 16. Kd2 Nxf4 17. fxg7 Kxg7 18. exf4 Rxf4 19. Ke3 Raf8 20. Rh2 e5 21. Rd1 Rf3+ 22. Ke2 R3f4 23. dxe5 Rb4 24. b3 Rf5 25. Rd3 Kf7 26. Re3 Ke6 27. Ne4 Kd5 28. f3 h6 29. Rg2 g5 30. Rg4 Rf4 31. Nf2 Rxg4 32. hxg4 c5 33. Rc3 b6 34. Nd3 Rd4 35. Ke3 h5 36. gxh5 Rh4 37. Rc4 Rxh5 38. a4 Rh4 39. Rxh4 gxh4 40. Nf4+ Kxe5 41. Ng6+ Kd6 42. Nxh4 e5 43. Ke4 a6 44. Ng6 1-0

[Event "Regionalliga Sued-Ost 1819"]
[Site "Bayern"]
[Date "2018.10.21"]
[Round "1.7"]
[White "Krause, Christian"]
[Black "Foessmeier, Ulrich Johann"]
[Result "0-1"]
[WhiteElo "1894"]
[BlackElo "2273"]
[PlyCount "102"]
[EventDate "2018.10.21"]
[EventType "team-tourn"]
[EventRounds "9"]
[EventCountry "GER"]
[SourceTitle "EXT 2022"]
[Source "ChessBase"]
[SourceDate "2021.10.06"]
[SourceVersion "1"]
[SourceVersionDate "2021.10.06"]
[SourceQuality "1"]
[WhiteTeam "Ebersberg Grafing"]
[BlackTeam "Groebenzell II"]
[WhiteTeamCountry "GER"]
[BlackTeamCountry "GER"]

1. c4 e6 2. g3 d5 3. Bg2 Nf6 4. Nf3 Be7 5. b3 0-0 6. 0-0 c5 7. d3 Nc6 8. Bb2 d4 9. e4 e5 10. h3 Ne8 11. Qe2 Qc7 12. Nbd2 Nd6 13. Kh2 Bd7 14. Ng1 Rae8 15. h4 g6 16. Nh3 Bd8 17. Rae1 a6 18. a3 b5 19. Rb1 Qa7 20. Bc1 a5 21. Rb2 a4 22. cxb5 Nxb5 23. Nc4 f6 24. bxa4 Qxa4 25. Rxb5 Qxb5 26. Nd6 Qb3 27. Nxe8 Bxe8 28. Qd1 Qxd1 29. Rxd1 Rf7 30. Rd2 Rb7 31. Rb2 Rxb2 32. Bxb2 Ba5 33. Bf3 Bc3 34. Bc1 Na5 35. Ng1 Bb5 36. Be2 Nb3 37. Bh6 Bb2 38. Nf3 Bc1 39. Bd1 Bxh6 40. Bxb3+ Kf8 41. Bc2 Ke7 42. Kg2 Kd6 43. Kf1 f5 44. exf5 e4 45. Ne1 Bd2 46. fxg6 hxg6 47. g4 Bxe1 48. Kxe1 exd3 49. Bd1 c4 50. f4 c3 51. Bf3 d2+ 0-1

[Event "San Francisco Universe op-A"]
[Site "San Francisco"]
[Date "1998.??.??"]
[Round "?"]
[White "Foessmeier, Ulrich Johann"]
[Black "Hodgson, Julian M"]
[Result "0-1"]
[WhiteElo "2310"]
[BlackElo "2570"]
[PlyCount "62"]
[EventDate "1998.07.03"]
[EventType "swiss"]
[EventRounds "6"]
[EventCountry "USA"]
[SourceTitle "EXT 2024"]
[Source "ChessBase"]
[SourceDate "2023.10.10"]
[SourceVersion "1"]
[SourceVersionDate "2023.10.10"]
[SourceQuality "1"]

1. d4 d6 2. c4 e5 3. Nf3 e4 4. Ng5 f5 5. f3 Be7 6. Nh3 c6 7. Nc3 Nf6 8. e3 Na6 9. Nf2 exf3 10. Qxf3 0-0 11. Bd3 d5 12. 0-0 Nb4 13. cxd5 Nfxd5 14. Bb1 Nc7 15. a3 Nbd5 16. Bd2 Be6 17. Nd3 Bd6 18. Nc5 Bxc5 19. dxc5 Qe7 20. Nxd5 Nxd5 21. b4 Rad8 22. Bc2 Qf6 23. Rfc1 Qe5 24. Bb3 Qb2 25. Qd1 Nc7 26. Bxe6+ Nxe6 27. Rc2 Qe5 28. Qe1 Rd3 29. Rc3 Rfd8 30. Rxd3 Rxd3 31. h3 Rxd2 0-1

[Event "San Francisco Universe op-A"]
[Site "San Francisco"]
[Date "1998.??.??"]
[Round "?"]
[White "Pinto, Mark A"]
[Black "Foessmeier, Ulrich Johann"]
[Result "1-0"]
[WhiteElo "2160"]
[BlackElo "2310"]
[PlyCount "67"]
[EventDate "1998.07.03"]
[EventType "swiss"]
[EventRounds "6"]
[EventCountry "USA"]
[SourceTitle "EXT 2024"]
[Source "ChessBase"]
[SourceDate "2023.10.10"]
[SourceVersion "1"]
[SourceVersionDate "2023.10.10"]
[SourceQuality "1"]

1. e4 e5 2. Nf3 Nc6 3. d4 exd4 4. Bc4 Nf6 5. e5 d5 6. Bb5 Ne4 7. Nxd4 Bc5 8. Be3 Bd7 9. Bxc6 bxc6 10. 0-0 Qe7 11. f3 Nd6 12. Bf2 Nf5 13. Re1 0-0 14. c3 f6 15. Nd2 fxe5 16. N2b3 Bb6 17. Qe2 Rae8 18. Nxf5 Bxf5 19. a4 Qg5 20. a5 Bxf2+ 21. Qxf2 e4 22. f4 Qh6 23. Qe3 Rb8 24. Ra3 Bg4 25. Rf1 Rb7 26. Rf2 Rfb8 27. c4 Rb4 28. a6 Rxc4 29. h3 Bd1 30. Na5 Rcb4 31. Qxa7 Rxb2 32. Nb7 Rxf2 33. Qxb8+ Kf7 34. Qxc7+ 1-0

[Event "Bundesliga 9495"]
[Site "Germany"]
[Date "1994.??.??"]
[Round "?.8"]
[White "Foessmeier, Ulrich Johann"]
[Black "Hedke, Fred"]
[Result "1-0"]
[WhiteElo "2305"]
[BlackElo "2350"]
[PlyCount "81"]
[EventDate "1994.10.08"]
[EventType "team-tourn"]
[EventRounds "15"]
[EventCountry "GER"]
[SourceTitle "GER-chT"]
[Source "ChessBase"]
[SourceDate "1999.07.01"]
[SourceVersion "1"]
[SourceVersionDate "1999.07.01"]
[SourceQuality "1"]
[WhiteTeam "Tuebingen"]
[BlackTeam "Werder Bremen"]
[WhiteTeamCountry "GER"]
[BlackTeamCountry "GER"]

1. e4 e5 2. Nf3 Nc6 3. Bb5 a6 4. Bxc6 dxc6 5. 0-0 f6 6. d4 exd4 7. Nxd4 c5 8. Ne2 Qxd1 9. Rxd1 Bd7 10. Be3 0-0-0 11. Nbc3 Bd6 12. Nf4 Ne7 13. Rd2 Ng6 14. Nfd5 Bc6 15. Rad1 b5 16. f3 Rde8 17. Bf2 Rhf8 18. b3 Rf7 19. Ne2 Nf8 20. c4 Ne6 21. Ndc3 Be5 22. cxb5 axb5 23. a4 b4 24. Nd5 Kb7 25. Rc2 Rd7 26. Bxc5 Bxd5 27. Rxd5 Rxd5 28. exd5 Nxc5 29. Rxc5 Bd6 30. Rb5+ Ka6 31. Kf2 Re5 32. Nd4 Rh5 33. h3 Rh4 34. Nf5 Rf4 35. Nxd6 cxd6 36. Ke3 g5 37. Rb8 Rf5 38. Kd4 Rf4+ 39. Kd3 Rf5 40. Rb5 h5 41. Rxb4 1-0

[Event "BL2-Sued 9394"]
[Site "Germany"]
[Date "1994.??.??"]
[Round "?.8"]
[White "Messmer, Martin"]
[Black "Foessmeier, Ulrich Johann"]
[Result "1/2-1/2"]
[WhiteElo "2315"]
[BlackElo "2305"]
[PlyCount "61"]
[EventDate "1993.10.??"]
[EventType "team-tourn"]
[EventRounds "9"]
[EventCountry "GER"]
[SourceTitle "GER-chT2"]
[Source "ChessBase"]
[SourceDate "1999.07.01"]
[SourceVersion "1"]
[SourceVersionDate "1999.07.01"]
[SourceQuality "1"]
[WhiteTeam "Kirchheim"]
[BlackTeam "Tuebingen"]
[WhiteTeamCountry "GER"]
[BlackTeamCountry "GER"]

1. c4 e6 2. Nf3 d5 3. d4 Nf6 4. Nc3 Be7 5. Bg5 0-0 6. e3 Nbd7 7. cxd5 exd5 8. Be2 c6 9. 0-0 Re8 10. Qc2 Ne4 11. Bf4 Ndf6 12. Nxe4 Nxe4 13. Bd3 Bd6 14. Bg3 g6 15. Bxe4 dxe4 16. Nd2 Bxg3 17. hxg3 Bf5 18. b4 h5 19. Nc4 Rc8 20. Qe2 Bg4 21. Qc2 Qe7 22. a3 Be6 23. Nd2 Bd5 24. Qc5 Qg5 25. Qd6 b6 26. Rfe1 Red8 27. Qf4 Qe7 28. g4 hxg4 29. Qxg4 Kg7 30. Nf1 f5 31. Qg3 1/2-1/2

[Event "Oberliga Wuerttemberg 9394"]
[Site "Wuerttemberg"]
[Date "1994.??.??"]
[Round "?"]
[White "Schneider, Frank"]
[Black "Foessmeier, Ulrich Johann"]
[Result "1/2-1/2"]
[WhiteElo "2240"]
[BlackElo "2305"]
[PlyCount "56"]
[EventDate "1993.10.??"]
[EventType "team"]
[EventRounds "9"]
[EventCountry "GER"]
[SourceTitle "GER"]
[Source "ChessBase"]
[SourceDate "1999.07.01"]
[SourceVersion "1"]
[SourceVersionDate "1999.07.01"]
[SourceQuality "1"]

1. d4 d5 2. Nf3 Nf6 3. c4 e6 4. g3 Be7 5. Bg2 0-0 6. Nc3 dxc4 7. 0-0 Nc6 8. e4 a6 9. d5 Nb4 10. Ne5 exd5 11. exd5 Bf5 12. a3 Nd3 13. Nxc4 Bc5 14. Be3 Qe7 15. b4 Bxe3 16. Nxe3 Bg6 17. Qd2 Rfe8 18. Nc4 Rad8 19. Nb2 Nxb2 20. Qxb2 Qe5 21. Qb3 Ne4 22. Bxe4 Bxe4 23. Rfe1 Qf5 24. Nxe4 Rxe4 25. Rxe4 Qxe4 26. Rd1 h5 27. h4 Rd6 28. Rc1 c6 1/2-1/2

[Event "AUT-chT"]
[Site "Austria"]
[Date "1993.??.??"]
[Round "?"]
[White "Kaspret, Guido"]
[Black "Foessmeier, Ulrich Johann"]
[Result "1/2-1/2"]
[WhiteElo "2310"]
[BlackElo "2310"]
[PlyCount "113"]
[EventDate "1993.??.??"]
[EventType "team"]
[EventRounds "11"]
[EventCountry "AUT"]
[SourceTitle "TD"]
[Source "ChessBase"]
[SourceDate "1994.03.01"]
[SourceVersion "1"]
[SourceVersionDate "1994.03.01"]
[SourceQuality "1"]

1. d4 d5 2. c4 e6 3. Nf3 Nf6 4. Nc3 Be7 5. Bg5 0-0 6. e3 Nbd7 7. Be2 dxc4 8. Bxc4 a6 9. 0-0 b5 10. Bd3 Bb7 11. Rc1 h6 12. Bh4 c5 13. Bb1 Rc8 14. dxc5 Nxc5 15. Nd4 b4 16. Na4 Nxa4 17. Rxc8 Qxc8 18. Qxa4 Qc5 19. Qc2 Qxc2 20. Bxc2 g5 21. Bg3 Rc8 22. Bb3 Ne4 23. f3 Nd2 24. Rd1 Nxb3 25. Nxb3 Bd5 26. Rd2 Bd8 27. e4 Bb6+ 28. Bf2 Bxb3 29. Bxb6 Bxa2 30. Rd8+ Rxd8 31. Bxd8 Kf8 32. Ba5 b3 33. e5 Ke7 34. Bb4+ Kd7 35. g4 Bb1 36. Kf2 Kc6 37. Ke3 Kd5 38. f4 Bc2 39. Ba5 Bd1 40. h3 Bc2 41. Bd8 Be4 42. fxg5 hxg5 43. Bxg5 Kxe5 44. Bf4+ Kd5 45. Bc7 Bh7 46. Bd8 e5 47. h4 Ke6 48. h5 Bc2 49. Kd2 Kd5 50. g5 Ke6 51. Kc3 Bd1 52. g6 fxg6 53. hxg6 Bh5 54. g7 Bf7 55. Kd2 Bg8 56. Ba5 Kf6 57. Bc3 1/2-1/2

[Event "AUT-chT"]
[Site "Austria"]
[Date "1993.??.??"]
[Round "?"]
[White "Watzka, Horst"]
[Black "Foessmeier, Ulrich Johann"]
[Result "1/2-1/2"]
[WhiteElo "2325"]
[BlackElo "2310"]
[PlyCount "58"]
[EventDate "1993.??.??"]
[EventType "team"]
[EventRounds "11"]
[EventCountry "AUT"]
[SourceTitle "TD"]
[Source "ChessBase"]
[SourceDate "1994.03.01"]
[SourceVersion "1"]
[SourceVersionDate "1994.03.01"]
[SourceQuality "1"]

1. e4 e5 2. Nf3 Nc6 3. Bb5 a6 4. Bxc6 dxc6 5. 0-0 Ne7 6. Na3 f6 7. Nc4 Be6 8. Ne3 c5 9. d3 Nc6 10. b3 Be7 11. Bb2 Qd7 12. Ne1 g5 13. Qh5+ Bf7 14. Qg4 Be6 15. Qh5+ Bf7 16. Qg4 Qxg4 17. Nxg4 Bh5 18. f3 Bxg4 19. fxg4 Nd4 20. g3 h5 21. gxh5 Rxh5 22. c3 Ne6 23. Bc1 0-0-0 24. Be3 Rdh8 25. Rf2 g4 26. Nc2 b5 27. Rd1 Kb7 28. Rdd2 Rd8 29. Rf1 Rdh8 1/2-1/2

[Event "AUT-chT"]
[Site "Austria"]
[Date "1992.??.??"]
[Round "?"]
[White "Foessmeier, Ulrich Johann"]
[Black "Dueckstein, Andreas"]
[Result "1/2-1/2"]
[WhiteElo "2310"]
[BlackElo "2360"]
[PlyCount "32"]
[EventDate "1992.??.??"]
[EventType "team"]
[EventRounds "11"]
[EventCountry "AUT"]
[SourceTitle "EXT 1997"]
[Source "ChessBase"]
[SourceDate "1996.11.15"]
[SourceVersion "1"]
[SourceVersionDate "1996.11.15"]
[SourceQuality "1"]

1. d4 d5 2. c4 dxc4 3. Nf3 Nf6 4. Nc3 e6 5. e4 Bb4 6. Qc2 c5 7. dxc5 Qa5 8. Nd2 Qxc5 9. Nxc4 Nc6 10. Be3 Qe7 11. Be2 e5 12. 0-0 0-0 13. Rfd1 Bxc3 14. bxc3 Ng4 15. Bxg4 Bxg4 16. f3 Be6 1/2-1/2

[Event "AUT-chT"]
[Site "Austria"]
[Date "1992.??.??"]
[Round "?"]
[White "Foessmeier, Ulrich Johann"]
[Black "Niedermayr, Horst"]
[Result "1/2-1/2"]
[WhiteElo "2310"]
[BlackElo "2225"]
[PlyCount "82"]
[EventDate "1992.??.??"]
[EventType "team"]
[EventRounds "11"]
[EventCountry "AUT"]
[SourceTitle "EXT 1997"]
[Source "ChessBase"]
[SourceDate "1996.11.15"]
[SourceVersion "1"]
[SourceVersionDate "1996.11.15"]
[SourceQuality "1"]

1. d4 f5 2. g3 Nf6 3. Bg2 g6 4. c3 Bg7 5. Nh3 c6 6. Qb3 e6 7. 0-0 0-0 8. Nd2 Qe7 9. Nf4 d5 10. f3 e5 11. dxe5 Qxe5 12. e4 Qd6 13. Re1 Re8 14. Nd3 Nbd7 15. Nf1 Nc5 16. Nxc5 Qxc5+ 17. Be3 Qc4 18. Qxc4 dxc4 19. Nd2 fxe4 20. fxe4 Be6 21. Bd4 Nd7 22. Bf1 b5 23. a4 a6 24. Nf3 Bg4 25. Kg2 Bxf3+ 26. Kxf3 c5 27. Bxg7 Kxg7 28. Rad1 Ne5+ 29. Ke3 Rad8 30. axb5 axb5 31. Be2 Kf6 32. Rxd8 Rxd8 33. Ra1 Rd6 34. Ra5 Rb6 35. h4 h6 36. Ra8 b4 37. Rc8 bxc3 38. bxc3 Rb5 39. Bf1 g5 40. hxg5+ hxg5 41. Rd8 Rb2 1/2-1/2

[Event "AUT-chT"]
[Site "Austria"]
[Date "1992.??.??"]
[Round "?"]
[White "Petschar, Kurt"]
[Black "Foessmeier, Ulrich Johann"]
[Result "1/2-1/2"]
[WhiteElo "2285"]
[BlackElo "2310"]
[PlyCount "53"]
[EventDate "1992.??.??"]
[EventType "team"]
[EventRounds "11"]
[EventCountry "AUT"]
[SourceTitle "EXT 1997"]
[Source "ChessBase"]
[SourceDate "1996.11.15"]
[SourceVersion "1"]
[SourceVersionDate "1996.11.15"]
[SourceQuality "1"]

1. d4 d5 2. c4 e6 3. Nc3 Be7 4. Nf3 Nf6 5. Bg5 0-0 6. e3 Nbd7 7. Qc2 c6 8. Rd1 a6 9. a3 Re8 10. Be2 h6 11. Bh4 dxc4 12. Bxc4 b5 13. Bd3 b4 14. axb4 Nd5 15. Bxe7 Qxe7 16. Nxd5 cxd5 17. b5 axb5 18. 0-0 Ba6 19. Ra1 Qd6 20. Qd2 b4 21. Bxa6 Rxa6 22. Rxa6 Qxa6 23. Qxb4 Rb8 24. Qe7 Qc8 25. g4 Rb7 26. Qd6 Rxb2 27. Qf4 1/2-1/2

[Event "AUT-chT"]
[Site "Austria"]
[Date "1991.??.??"]
[Round "?"]
[White "Foessmeier, Ulrich Johann"]
[Black "Lockl, Lothar"]
[Result "1-0"]
[WhiteElo "2305"]
[BlackElo "2260"]
[PlyCount "81"]
[EventDate "1991.??.??"]
[EventType "team"]
[EventRounds "13"]
[EventCountry "AUT"]
[SourceTitle "EXT 1997"]
[Source "ChessBase"]
[SourceDate "1996.11.15"]
[SourceVersion "1"]
[SourceVersionDate "1996.11.15"]
[SourceQuality "1"]

1. d4 Nf6 2. c4 e6 3. Nc3 Bb4 4. Qc2 c5 5. dxc5 Nc6 6. Bf4 Bxc5 7. e3 0-0 8. Nf3 b6 9. Be2 Bb7 10. 0-0 d5 11. Rfd1 Qc8 12. Rac1 dxc4 13. Bxc4 Rd8 14. Nb5 Nb4 15. Qe2 Rxd1+ 16. Rxd1 Nbd5 17. Be5 Bc6 18. Nbd4 Bb7 19. a3 Ne4 20. Bd3 Ndf6 21. Rc1 Qf8 22. h3 Bd6 23. Nb5 Bxe5 24. Nxe5 Nc5 25. Bb1 a6 26. Nc3 Qd6 27. Ng4 Nxg4 28. hxg4 Rd8 29. b4 Nd7 30. Rd1 Qe7 31. Qd3 g6 32. Na4 Bd5 33. e4 Ne5 34. Qd2 Nc4 35. Qd4 e5 36. Qd3 b5 37. exd5 Rc8 38. Ba2 e4 39. Qd4 Nxa3 40. d6 Qg5 41. d7 1-0